000 00523nam a22002177a 4500
003 UA-OsUOA
001 38002
007 ta
008 20060421b un ||||| |||| 00| 0 ukr d
100 _aТимошенко Віктор
090 _a32
_bТ11
942 _cSA
040 _aUA-OsUOA
_bukr
_cUA-OsUOA
_dUA-OsUOA
245 _a"Під ковпаком" Державної Думи
300 _a5 с.
955 _a0
041 _aukr
080 _a32
773 0 _w38001
650 7 _a32 Політика
_2UDC
999 _c324166
_d324166